000 00425nam a22001457a 4500
008 141107b xxu||||| |||| 00| 0 eng d
020 _a809002124
050 _aBX7260.E3L4 1969
100 _aLevin David ed.
_912527
245 _aJonathan Edwards
_ba profile
_cDavid, Levin ed.
260 _aNew York
_bHill and Wang
_c1969
300 _axxi, 263p. ;
_c20cm.
650 _aEdwards
_xJonathan
_912528
942 _2lcc
_cMONOGRAPH
999 _c121211
_d121211